[Event "España ch sub-16 2009"]
[Site "Granada ESP"]
[Date "2009.07.18"]
[Round "7.12"]
[White "Gil Quilez, David"]
[Black "Panella Navarro, Sergi"]
[Result "1-0"]
[WhiteElo "2163"]
[BlackElo "1949"]
[PlyCount "83"]
[EventDate "2009.07.14"]
[EventType "swiss"]
[EventRounds "9"]
[EventCountry "ESP"]
[Source "lmi"]
[SourceDate "2009.07.14"]

1. e4 e5 2. Nf3 Nc6 3. Bc4 Nf6 4. Ng5 d5 5. exd5 Na5 6. Bb5+ c6 7. dxc6 bxc6 8.
Qf3 h6 9. Ne4 Nd5 10. Nbc3 Be6 11. Ba4 Be7 12. Qg3 O-O 13. d3 f5 14. Bxh6 Rf7
15. Ng5 Bxg5 16. Bxg5 Qb6 17. Nxd5 Bxd5 18. Bd2 Qxb2 19. O-O Qd4 20. c4 f4 21.
Qg5 Nb7 22. cxd5 Qxa4 23. dxc6 Qxc6 24. Qxe5 f3 25. g4 Qd7 26. h3 Qxd3 27. Be3
Qa3 28. Rfc1 Rd8 29. Rc7 Rxc7 30. Qxc7 Qb2 31. Qc4+ Kh8 32. Re1 a5 33. Qe4 Nd6
34. Qe7 Nb7 35. Qe4 Nd6 36. Qxf3 Qxa2 37. Rd1 Nf7 38. Rxd8+ Nxd8 39. Qa8 a4 40.
Qxd8+ Kh7 41. Qd3+ Kg8 42. g5 1-0

[Event "España ch sub-16 2009"]
[Site "Granada ESP"]
[Date "2009.07.18"]
[Round "7.13"]
[White "Castillo Sanjuan, Alejandro"]
[Black "Bendayan Claros, Aaron"]
[Result "0-1"]
[WhiteElo "1947"]
[BlackElo "2151"]
[PlyCount "130"]
[EventDate "2009.07.14"]
[EventType "swiss"]
[EventRounds "9"]
[EventCountry "ESP"]
[Source "lmi"]
[SourceDate "2009.07.14"]

1. g3 d5 2. Bg2 Nf6 3. d3 Bg4 4. Nf3 Nbd7 5. O-O e5 6. d4 Bxf3 7. exf3 exd4 8.
Re1+ Be7 9. Qe2 Kf8 10. g4 Bd6 11. g5 Nh5 12. f4 Nxf4 13. Bxf4 Bxf4 14. Qg4
Bxg5 15. Bxd5 c6 16. Bg2 Bf6 17. Nd2 h5 18. Qf4 Nc5 19. Rad1 g6 20. Ne4 Nxe4
21. Bxe4 Kg7 22. Rd3 Qa5 23. Ra1 Rad8 24. Ra3 Qb4 25. Rb1 a6 26. Rf3 Qe7 27.
Bd3 Qe5 28. Qxe5 Bxe5 29. a4 Rhe8 30. Rf1 b5 31. Ra1 Re7 32. axb5 axb5 33. Ra6
Rc7 34. Rb6 f5 35. Bf1 Bd6 36. Rb3 Kf7 37. Be2 Ke7 38. Bf3 Kd7 39. Ra6 Be5 40.
h3 Rh8 41. Rb6 g5 42. Rd3 g4 43. hxg4 hxg4 44. Bg2 Kd6 45. b4 f4 46. Be4 Ra8
47. Rd1 Ra3 48. Rb8 Rc3 49. Rg8 Bg7 50. Re8 Re7 51. Rxe7 Kxe7 52. Bd3 Ra3 53.
Re1+ Kd6 54. f3 g3 55. Rb1 Be5 56. Be4 Kc7 57. Rb3 Ra4 58. Kf1 Kb6 59. Rb1 Bd6
60. Ke2 Rxb4 61. Rxb4 Bxb4 62. Bf5 c5 63. Bh3 c4 64. Kd1 Kc5 65. Kc1 d3 0-1

[Event "España ch sub-16 2009"]
[Site "Granada ESP"]
[Date "2009.07.18"]
[Round "7.14"]
[White "Villasenor Rubio, Emilio Jose"]
[Black "Garcia Salamero, Gabriel"]
[Result "0-1"]
[WhiteElo "1937"]
[BlackElo "2034"]
[PlyCount "112"]
[EventDate "2009.07.14"]
[EventType "swiss"]
[EventRounds "9"]
[EventCountry "ESP"]
[Source "lmi"]
[SourceDate "2009.07.14"]

1. e4 e5 2. Nf3 Nf6 3. Nxe5 d6 4. Nf3 Nxe4 5. Bd3 Nc5 6. Be2 d5 7. O-O Bd6 8.
d4 Ne4 9. c4 c6 10. Nc3 Nxc3 11. bxc3 O-O 12. Bd3 Nd7 13. h3 Nf6 14. Bg5 h6 15.
Bh4 Be6 16. c5 Be7 17. Re1 Re8 18. Bc2 Qc8 19. Qd3 Ne4 20. Bxe7 Rxe7 21. Rxe4
dxe4 22. Qxe4 f5 23. Qe3 Qc7 24. Ne5 Ree8 25. Re1 Qe7 26. g4 Qf6 27. f4 Rf8 28.
g5 hxg5 29. fxg5 f4 30. gxf6 fxe3 31. f7+ Bxf7 32. Nxf7 Kxf7 33. Rxe3 Rae8 34.
Bb3+ Kg6 35. Rg3+ Kh6 36. Bc4 b5 37. cxb6 axb6 38. Kg2 b5 39. Bd3 g5 40. Rf3
Rxf3 41. Kxf3 Kg7 42. Be4 Rc8 43. Ke3 Kf6 44. Kd3 c5 45. dxc5 Rxc5 46. Kd4 Rc4+
47. Kd3 Ke5 48. Bf3 Kd6 49. Bg4 Ra4 50. Kc2 Rxa2+ 51. Kb3 Ra4 52. Be2 Kc5 53.
Bg4 Re4 54. Bf5 Re3 55. Kb2 Kc4 56. Bd7 Re2+ 0-1

[Event "España ch sub-16 2009"]
[Site "Granada ESP"]
[Date "2009.07.18"]
[Round "8.1"]
[White "Cruz Lledo, Pablo"]
[Black "Arribas Lopez, Angel"]
[Result "0-1"]
[WhiteElo "2190"]
[BlackElo "2429"]
[PlyCount "124"]
[EventDate "2009.07.14"]
[EventType "swiss"]
[EventRounds "9"]
[EventCountry "ESP"]
[Source "lmi"]
[SourceDate "2009.07.14"]

1. d4 d6 2. c4 e5 3. Nf3 e4 4. Ng5 f5 5. Nc3 Nf6 6. e3 c6 7. Be2 Be7 8. h4 O-O
9. d5 h6 10. Nh3 Nbd7 11. Nf4 Ne5 12. h5 Ne8 13. O-O Bf6 14. Bd2 Nc7 15. b3 a6
16. f3 exf3 17. Bxf3 c5 18. a4 b6 19. Be2 Bd7 20. Qc2 Rb8 21. Rab1 b5 22. axb5
axb5 23. Nxb5 Nxb5 24. cxb5 Bg5 25. Ne6 Bxe6 26. dxe6 Qf6 27. Bc4 Nxc4 28. bxc4
Qxe6 29. Rf3 d5 30. cxd5 Qxd5 31. Bc1 c4 32. Rb4 Rbc8 33. b6 Qd3 34. Rf2 Bh4
35. Re2 Bg3 36. b7 Rcd8 37. Qxd3 Rxd3 38. Bd2 c3 39. Be1 Rd1 40. b8=Q Bxb8 41.
Kf2 f4 42. Bxc3 fxe3+ 43. Kxe3 Ba7+ 44. Ke4 Re8+ 45. Be5 Rd7 46. Reb2 Rd1 47.
Re2 Re7 48. Kf4 Bd4 49. Rb5 Kh7 50. Ke4 Bg1 51. Rd5 Rf1 52. Rb5 Bh2 53. Kd3
Rd1+ 54. Ke4 Bg3 55. Kf3 Bh4 56. Rb3 Rf1+ 57. Kg4 Bg5 58. Rf3 Rh1 59. Rh3 Rc1
60. Rf3 Rc5 61. Rf5 g6 62. hxg6+ Kxg6 0-1

[Event "España ch sub-16 2009"]
[Site "Granada ESP"]
[Date "2009.07.18"]
[Round "8.2"]
[White "Alcaraz Ortega, Javier"]
[Black "Rioboo De Larriva, Alvaro"]
[Result "1-0"]
[WhiteElo "2241"]
[BlackElo "2150"]
[PlyCount "123"]
[EventDate "2009.07.14"]
[EventType "swiss"]
[EventRounds "9"]
[EventCountry "ESP"]
[Source "lmi"]
[SourceDate "2009.07.14"]

1. Nf3 c5 2. c4 g6 3. e4 Nc6 4. d4 cxd4 5. Nxd4 Nf6 6. Nc3 d6 7. Nc2 Bg7 8. Be2
O-O 9. Be3 Be6 10. O-O Nd7 11. Qd2 Rc8 12. Rac1 Nde5 13. Na3 Ng4 14. Bxg4 Bxg4
15. Nd5 Bd7 16. b3 b6 17. Nb5 Rb8 18. a4 a6 19. Nd4 e6 20. Nc3 Qe7 21. Rfd1
Rfd8 22. Nde2 Be8 23. f3 Na5 24. Qa2 Nc6 25. Qa3 Ne5 26. Rd2 Bf8 27. Rcd1 Qb7
28. Qa1 b5 29. c5 Bg7 30. axb5 axb5 31. Qa5 Nc6 32. Qa2 Ra8 33. Qb1 dxc5 34.
Bxc5 b4 35. Na4 Rxd2 36. Rxd2 Qb5 37. Be3 Na5 38. Nc5 Nb7 39. Nxb7 Ra1 40. Qxa1
Bxa1 41. Nd6 Qc6 42. Nc4 Bf6 43. Kf2 Be7 44. Ra2 Bc5 45. Nd4 Qb7 46. Ra5 Qc7
47. Ra8 Kf8 48. e5 Ke7 49. Ra5 Kd7 50. Nb5 Bxe3+ 51. Kxe3 Qb8 52. Nbd6 Ke7 53.
Rc5 Bd7 54. Ra5 Qc7 55. Ne4 Kf8 56. Ra8+ Kg7 57. g4 Bc6 58. Nf6 Kh6 59. h4 g5
60. Rg8 Qa7+ 61. Kd3 Be4+ 62. fxe4 1-0

[Event "España ch sub-16 2009"]
[Site "Granada ESP"]
[Date "2009.07.18"]
[Round "8.3"]
[White "Forcen Esteban, Daniel"]
[Black "Montanes Arribas, Adrian"]
[Result "1-0"]
[WhiteElo "2308"]
[BlackElo "2091"]
[PlyCount "57"]
[EventDate "2009.07.14"]
[EventType "swiss"]
[EventRounds "9"]
[EventCountry "ESP"]
[Source "lmi"]
[SourceDate "2009.07.14"]

1. e4 c5 2. Nc3 d6 3. f4 g6 4. Nf3 Bg7 5. Bb5+ Bd7 6. a4 Nc6 7. O-O Nf6 8. d3
O-O 9. f5 Nd4 10. Bc4 Bc6 11. fxg6 hxg6 12. Bg5 Nd7 13. Nxd4 cxd4 14. Nd5 Bxd5
15. Bxd5 Rb8 16. Qe1 Ne5 17. Qg3 Qd7 18. Bb3 Rbc8 19. h3 e6 20. h4 Rc5 21. Qh3
Nc6 22. Rf2 Na5 23. Ba2 Rc7 24. Raf1 d5 25. exd5 exd5 26. Qf3 Qxa4 27. Bxd5 Qe8
28. h5 gxh5 29. Qxh5 1-0

[Event "España ch sub-16 2009"]
[Site "Granada ESP"]
[Date "2009.07.18"]
[Round "8.4"]
[White "Fernandez Garcia, Jose Miguel"]
[Black "Pruja Ramirez De Cartagena, Marc"]
[Result "1-0"]
[WhiteElo "2261"]
[BlackElo "2214"]
[PlyCount "41"]
[EventDate "2009.07.14"]
[EventType "swiss"]
[EventRounds "9"]
[EventCountry "ESP"]
[Source "lmi"]
[SourceDate "2009.07.14"]

1. e4 c5 2. Nf3 d6 3. d4 Nf6 4. Nc3 cxd4 5. Nxd4 a6 6. Bc4 e6 7. Be3 b5 8. Bb3
Bb7 9. f4 Nxe4 10. Nxe4 Bxe4 11. O-O Nc6 12. f5 Nxd4 13. Qxd4 d5 14. fxe6 fxe6
15. a4 b4 16. a5 Qc7 17. Bg5 Bf5 18. Rxf5 exf5 19. Re1+ Kf7 20. Bxd5+ Kg6 21.
Re6+ 1-0

[Event "España ch sub-16 2009"]
[Site "Granada ESP"]
[Date "2009.07.18"]
[Round "8.5"]
[White "Coll Ortega, Jordi"]
[Black "Antolin Concha, Diego"]
[Result "0-1"]
[WhiteElo "2213"]
[BlackElo "2252"]
[PlyCount "130"]
[EventDate "2009.07.14"]
[EventType "swiss"]
[EventRounds "9"]
[EventCountry "ESP"]
[Source "lmi"]
[SourceDate "2009.07.14"]

1. c4 e6 2. g3 d5 3. Bg2 Nf6 4. Nf3 dxc4 5. Na3 c5 6. Nxc4 Nc6 7. O-O Be7 8. d3
O-O 9. Bd2 Nd5 10. a3 b6 11. e4 Nc7 12. Bc3 Bb7 13. Qe2 Nb5 14. e5 Ncd4 15.
Nxd4 Nxd4 16. Bxd4 Bxg2 17. Kxg2 Qxd4 18. a4 Rfd8 19. Rad1 Rab8 20. Rfe1 Rd5
21. Qf3 Rd7 22. Re4 Qd5 23. Ne3 Qb7 24. Ng4 Rbd8 25. Rde1 Rxd3 26. Qf4 R3d4 27.
f3 Rd2+ 28. Kh3 Bf8 29. b4 cxb4 30. Qg5 Kh8 31. Rf4 R2d5 32. Qh4 Qe7 33. Qxe7
Bxe7 34. Rxf7 R5d7 35. Ne3 Kg8 36. Rf4 Bc5 37. Ng2 a5 38. Rfe4 Rd3 39. Nf4 Rxf3
40. Nxe6 Rc8 41. Rd1 Rf7 42. Ng5 Re7 43. e6 h6 44. Nf3 Rc6 45. Rde1 b3 46. Nd2
Bb4 47. R1e2 Bxd2 48. Rxd2 Rexe6 49. Rxe6 Rxe6 50. Rd3 b5 51. Rxb3 b4 52. Kg4
Re2 53. h4 Ra2 54. Rd3 Rxa4 55. Kf5 Ra3 56. Rd5 Rxg3 57. Rxa5 h5 58. Ke6 g6 59.
Ra7 Kf8 60. Kf6 Ke8 61. Re7+ Kd8 62. Re4 Rg4 63. Re6 Kc7 64. Ke5 b3 65. Kf6 Rb4
0-1

[Event "España ch sub-16 2009"]
[Site "Granada ESP"]
[Date "2009.07.18"]
[Round "8.6"]
[White "Colon Garcia, Enrique"]
[Black "Anaya Lopez, Victor Jose"]
[Result "1/2-1/2"]
[WhiteElo "2173"]
[BlackElo "2142"]
[PlyCount "56"]
[EventDate "2009.07.14"]
[EventType "swiss"]
[EventRounds "9"]
[EventCountry "ESP"]
[Source "lmi"]
[SourceDate "2009.07.14"]

1. e4 c5 2. Nf3 Nc6 3. d4 cxd4 4. Nxd4 Nf6 5. Nc3 e5 6. Ndb5 d6 7. Bg5 a6 8.
Na3 b5 9. Bxf6 gxf6 10. Nd5 Bg7 11. Bd3 Ne7 12. Nxe7 Qxe7 13. c4 f5 14. O-O O-O
15. Qf3 Re8 16. Rfe1 b4 17. Nc2 f4 18. Nxb4 Rb8 19. Nd5 Qg5 20. Be2 Rxb2 21.
Reb1 Rd2 22. Rb6 Rd8 23. a4 Rd4 24. Rd1 f5 25. Rxd4 exd4 26. exf5 Re8 27. h3
Bxf5 28. Rxa6 Be4 1/2-1/2

[Event "España ch sub-16 2009"]
[Site "Granada ESP"]
[Date "2009.07.18"]
[Round "8.7"]
[White "Pardo Simon, David"]
[Black "Rivas Crespo, Alexander"]
[Result "1-0"]
[WhiteElo "2321"]
[BlackElo "2030"]
[PlyCount "107"]
[EventDate "2009.07.14"]
[EventType "swiss"]
[EventRounds "9"]
[EventCountry "ESP"]
[Source "lmi"]
[SourceDate "2009.07.14"]

1. e4 c5 2. Nc3 e6 3. Nf3 d6 4. d4 cxd4 5. Nxd4 Nf6 6. Be3 Be7 7. f3 O-O 8. Qd2
Nc6 9. O-O-O a6 10. g4 Nxd4 11. Bxd4 b5 12. Kb1 b4 13. Na4 Rb8 14. b3 Bd7 15.
Nb2 a5 16. h4 Ne8 17. g5 Nc7 18. Rg1 Bb5 19. Nc4 Bxc4 20. Bxc4 Nb5 21. Bb2 Na3+
22. Bxa3 bxa3 23. h5 Qc7 24. Ka1 Rfd8 25. c3 Rbc8 26. Kb1 g6 27. f4 d5 28. exd5
exd5 29. Ba6 Rb8 30. f5 a4 31. hxg6 fxg6 32. fxg6 hxg6 33. Rh1 Qe5 34. Rde1
Qxg5 35. Qe2 axb3 36. Qe6+ Kg7 37. Qxe7+ Qxe7 38. Rxe7+ Kf6 39. Rc7 Rb6 40. Bd3
bxa2+ 41. Kxa2 Rdd6 42. Kxa3 Rd8 43. Rf1+ Kg5 44. Rg1+ Kf4 45. Rf7+ Ke3 46.
Rg3+ Kd2 47. Rf2+ Kxc3 48. Bxg6+ Kd4 49. Rd2+ Ke5 50. Bc2 Ra8+ 51. Ba4 Rf6 52.
Rg5+ Ke4 53. Rgxd5 Rf3+ 54. R2d3 1-0

[Event "España ch sub-16 2009"]
[Site "Granada ESP"]
[Date "2009.07.18"]
[Round "8.8"]
[White "Garcia Salamero, Gabriel"]
[Black "Gil Quilez, David"]
[Result "1-0"]
[WhiteElo "2034"]
[BlackElo "2163"]
[PlyCount "85"]
[EventDate "2009.07.14"]
[EventType "swiss"]
[EventRounds "9"]
[EventCountry "ESP"]
[Source "lmi"]
[SourceDate "2009.07.14"]

1. e4 e5 2. Nf3 Nc6 3. Bb5 Nf6 4. O-O d6 5. Re1 a6 6. Bxc6+ bxc6 7. d4 Bg4 8.
dxe5 Bxf3 9. Qxf3 dxe5 10. Bg5 h6 11. Rd1 Qe7 12. Bh4 Qe6 13. Nd2 Nd7 14. Qc3
Be7 15. Bxe7 Kxe7 16. f4 exf4 17. Nb3 c5 18. Nxc5 Nxc5 19. Qxc5+ Kf6 20. Qxc7
Rhc8 21. Qxf4+ Ke7 22. c3 Qb6+ 23. Qf2 Rab8 24. Qxb6 Rxb6 25. Rd2 Rc4 26. Re1
Ke6 27. Ree2 Rb5 28. Kf2 Ra5 29. a3 Rh5 30. h3 Rb5 31. g4 h5 32. Re3 Rc8 33. b4
a5 34. Kg3 axb4 35. axb4 hxg4 36. hxg4 Ra8 37. Red3 Ra1 38. Rd1 Ra3 39. Kf4 Ra2
40. Rd6+ Ke7 41. Rd7+ Ke8 42. R7d5 Rb6 43. Re5+ 1-0

[Event "España ch sub-16 2009"]
[Site "Granada ESP"]
[Date "2009.07.18"]
[Round "8.9"]
[White "Bendayan Claros, Aaron"]
[Black "Gallego Martin, Miguel"]
[Result "1-0"]
[WhiteElo "2151"]
[BlackElo "1976"]
[PlyCount "93"]
[EventDate "2009.07.14"]
[EventType "swiss"]
[EventRounds "9"]
[EventCountry "ESP"]
[Source "lmi"]
[SourceDate "2009.07.14"]

1. d4 Nf6 2. Bg5 e6 3. e4 c5 4. e5 h6 5. Bc1 Nh7 6. c3 d6 7. dxc5 dxc5 8. Qxd8+
Kxd8 9. Nf3 Nc6 10. h4 b6 11. Bf4 Bb7 12. Nbd2 Kc7 13. O-O-O Rd8 14. Be2 Be7
15. Nc4 Rxd1+ 16. Rxd1 Ba6 17. Bd3 Rd8 18. b3 Nf8 19. Bg3 Nd7 20. Kc2 Kb7 21.
Nd6+ Bxd6 22. Bxa6+ Kxa6 23. Rxd6 Ne7 24. Bf4 Kb7 25. Rd1 Kc7 26. g4 Nf8 27.
Rxd8 Kxd8 28. Kd3 Kc7 29. Ke4 Kc6 30. h5 b5 31. Bd2 Nd7 32. Nh4 Nd5 33. f4 a5
34. g5 N7b6 35. gxh6 gxh6 36. f5 a4 37. fxe6 fxe6 38. Ng6 a3 39. Kd3 c4+ 40.
Kc2 b4 41. cxb4 c3 42. Bxh6 Nxb4+ 43. Kxc3 Nxa2+ 44. Kc2 Nb4+ 45. Kb1 N6d5 46.
Bd2 Nd3 47. h6 1-0

[Event "España ch sub-16 2009"]
[Site "Granada ESP"]
[Date "2009.07.18"]
[Round "8.10"]
[White "Pozueta Alegria, Adrian"]
[Black "Baragano Campa, David"]
[Result "0-1"]
[WhiteElo "2022"]
[BlackElo "2090"]
[PlyCount "68"]
[EventDate "2009.07.14"]
[EventType "swiss"]
[EventRounds "9"]
[EventCountry "ESP"]
[Source "lmi"]
[SourceDate "2009.07.14"]

1. d4 Nf6 2. Nf3 b5 3. g3 Bb7 4. Bg2 e6 5. O-O Be7 6. b3 O-O 7. Bb2 d6 8. Nbd2
Nbd7 9. c4 bxc4 10. Nxc4 a5 11. Qc2 Ne4 12. Rac1 c5 13. dxc5 Ndxc5 14. Rfd1 Ra6
15. Qb1 Qa8 16. Qa1 f6 17. Nd4 d5 18. Nd2 Rc8 19. Nxe4 Nxe4 20. Bh3 Ng5 21. Bg2
Bf8 22. Rd2 e5 23. Rxc8 Qxc8 24. Rc2 Qd7 25. Nf3 Ne6 26. Qc1 d4 27. Bh3 Rc6 28.
Rxc6 Bxc6 29. Qc4 Kf7 30. Qa6 Qd5 31. Bxe6+ Kxe6 32. Qc8+ Kf7 33. Qf5 g6 34.
Qc2 d3 0-1

[Event "España ch sub-16 2009"]
[Site "Granada ESP"]
[Date "2009.07.18"]
[Round "8.11"]
[White "Villar Perez, Samuel"]
[Black "Alvarado Diaz, Alejandro"]
[Result "1-0"]
[WhiteElo "2075"]
[BlackElo "1857"]
[PlyCount "113"]
[EventDate "2009.07.14"]
[EventType "swiss"]
[EventRounds "9"]
[EventCountry "ESP"]
[Source "lmi"]
[SourceDate "2009.07.14"]

1. d4 Nf6 2. Nf3 c5 3. c4 cxd4 4. Nxd4 e5 5. Nb5 d5 6. cxd5 Bc5 7. e3 O-O 8.
N5c3 Qe7 9. Be2 e4 10. Nd2 Rd8 11. Qc2 Bf5 12. a3 Nbd7 13. b4 Bd6 14. Nc4 Rac8
15. Nxd6 Qxd6 16. Qb3 Ne5 17. Bb2 a6 18. h3 Nfd7 19. O-O Qg6 20. Kh2 Qh6 21.
Qd1 g5 22. g4 Qd6 23. Kg2 Bg6 24. Qd4 Nf6 25. Nb5 axb5 26. Qxe5 Qxe5 27. Bxe5
Nxd5 28. Bxb5 Rc2 29. Kg3 f6 30. Bd4 h5 31. Ba4 h4+ 32. Kg2 Rd2 33. Bb3 Kg7 34.
Rad1 Rd3 35. Bc4 Rxd1 36. Rxd1 Bf7 37. Bb3 Kg6 38. Bc2 Kh6 39. Kf1 Bg6 40. Ke2
Ra8 41. Bb2 Nb6 42. Rd4 Rc8 43. Bb3 Rc6 44. a4 Nc8 45. Rc4 Rxc4 46. Bxc4 f5 47.
Be6 Ne7 48. Bf6 Nc6 49. b5 Na5 50. Bd8 fxg4 51. hxg4 Kg7 52. Bxa5 Kf6 53. Bc8
Bf7 54. Bd8+ Kg6 55. Bc7 Bc4+ 56. Kd2 Bd5 57. a5 1-0

[Event "España ch sub-16 2009"]
[Site "Granada ESP"]
[Date "2009.07.18"]
[Round "8.12"]
[White "Rodriguez Lapetra, Pablo"]
[Black "Collado Barbas, Laura"]
[Result "1-0"]
[WhiteElo "2014"]
[BlackElo "2055"]
[PlyCount "47"]
[EventDate "2009.07.14"]
[EventType "swiss"]
[EventRounds "9"]
[EventCountry "ESP"]
[Source "lmi"]
[SourceDate "2009.07.14"]

1. e4 e6 2. d4 d5 3. Nc3 Nc6 4. Nf3 Nf6 5. exd5 exd5 6. Bb5 Bb4 7. O-O O-O 8.
Bxc6 bxc6 9. Ne5 Bb7 10. Bg5 Re8 11. Qf3 Re6 12. Rfe1 Be7 13. Re3 c5 14. Ne2
cxd4 15. Nxd4 Rb6 16. Rae1 Bc5 17. c3 Bxd4 18. cxd4 h6 19. Bh4 c5 20. Ng4 cxd4
21. Bxf6 Rxf6 22. Nxf6+ gxf6 23. Qg4+ Kf8 24. Rg3 1-0

[Event "España ch sub-16 2009"]
[Site "Granada ESP"]
[Date "2009.07.18"]
[Round "8.13"]
[White "Aranaz Murillo, Amalia"]
[Black "Angeleri, Rodrigo Norberto"]
[Result "0-1"]
[WhiteElo "2061"]
[BlackElo "1826"]
[PlyCount "56"]
[EventDate "2009.07.14"]
[EventType "swiss"]
[EventRounds "9"]
[EventCountry "ESP"]
[Source "lmi"]
[SourceDate "2009.07.14"]

1. Nf3 Nf6 2. c4 g6 3. Nc3 Bg7 4. e4 d6 5. d4 O-O 6. Be2 e5 7. d5 a5 8. Bg5 h6
9. Bh4 Na6 10. Nd2 Qe8 11. O-O Nh7 12. a3 Bd7 13. Kh1 h5 14. f3 Bf6 15. Bxf6
Nxf6 16. Qb1 Qe7 17. b4 axb4 18. axb4 Kg7 19. Rc1 h4 20. Na4 Nh5 21. Kg1 Qg5
22. Qb2 Nf4 23. Bf1 Bh3 24. Nb3 Bxg2 25. Bxg2 h3 26. Rc2 hxg2 27. Rxg2 Nxg2 28.
Qxg2 Qe3+ 0-1

[Event "España ch sub-16 2009"]
[Site "Granada ESP"]
[Date "2009.07.18"]
[Round "8.14"]
[White "Sanchez Ibern, Marc"]
[Black "Silva Rodriguez, Fernando"]
[Result "1/2-1/2"]
[WhiteElo "2289"]
[BlackElo "2010"]
[PlyCount "127"]
[EventDate "2009.07.14"]
[EventType "swiss"]
[EventRounds "9"]
[EventCountry "ESP"]
[Source "lmi"]
[SourceDate "2009.07.14"]

1. e4 d6 2. d4 Nf6 3. Nc3 Nbd7 4. Nf3 e5 5. Bc4 Be7 6. O-O O-O 7. Re1 c6 8. a4
a5 9. h3 exd4 10. Nxd4 Nc5 11. Ba2 Be6 12. Nxe6 fxe6 13. Qe2 Qb6 14. Be3 d5 15.
Bd4 Rae8 16. Qe3 Qa7 17. Re2 Nfd7 18. f4 Bf6 19. e5 Bd8 20. g4 g6 21. Rf1 Bb6
22. Rd2 Re7 23. Kh1 Na6 24. Bxb6 Qxb6 25. Qg3 Nb4 26. Rdf2 Nxa2 27. Nxa2 Qxb2
28. Nc3 Qb4 29. f5 exf5 30. gxf5 Nxe5 31. fxg6 Rxf2 32. gxh7+ Kxh7 33. Rxf2 Ng6
34. Rf6 Rg7 35. Rf5 Kh8 36. Rg5 Qh4 37. Qg2 Qe1+ 38. Kh2 Nf4 39. Qg4 Qf2+ 40.
Kh1 Qf1+ 41. Kh2 Qf2+ 42. Kh1 Rxg5 43. Qxg5 Qf3+ 44. Kh2 Qxh3+ 45. Kg1 Qe3+ 46.
Kh2 Qd2+ 47. Kh1 Qe1+ 48. Kh2 Qd2+ 49. Kh1 Qxc3 50. Qxf4 Qe1+ 51. Kh2 Qe2+ 52.
Kh3 Qe6+ 53. Kg3 Qg6+ 54. Kh3 Kg7 55. Qc7+ Qf7 56. Qxa5 Kg6 57. Qc3 Qf5+ 58.
Kg3 Qe4 59. a5 Kf5 60. Qb3 Qf4+ 61. Kg2 Qd2+ 62. Kg3 Qxa5 63. Qxb7 Qc3+ 64. Kh4
1/2-1/2

[Event "España ch sub-16 2009"]
[Site "Granada ESP"]
[Date "2009.07.19"]
[Round "9.1"]
[White "Arribas Lopez, Angel"]
[Black "Forcen Esteban, Daniel"]
[Result "1/2-1/2"]
[WhiteElo "2429"]
[BlackElo "2308"]
[PlyCount "35"]
[EventDate "2009.07.14"]
[EventType "swiss"]
[EventRounds "9"]
[EventCountry "ESP"]
[Source "lmi"]
[SourceDate "2009.07.14"]
[WhiteTeam "Madrid"]
[BlackTeam "Aragon"]
[WhiteTeamCountry "ESP"]
[BlackTeamCountry "ESP"]

1. e4 c5 2. Nf3 d6 3. d4 Nf6 4. Nc3 cxd4 5. Nxd4 a6 6. Be2 e5 7. Nb3 Be7 8. O-O
O-O 9. a4 Nc6 10. Bf3 Nb4 11. a5 Be6 12. Be3 Rc8 13. Bb6 Qd7 14. Re1 Bd8 15.
Bxd8 Rfxd8 16. Re2 Qc7 17. Ra4 Bxb3 18. Rxb4 1/2-1/2

[Event "España ch sub-16 2009"]
[Site "Granada ESP"]
[Date "2009.07.19"]
[Round "9.2"]
[White "Fernandez Garcia, Jose Miguel"]
[Black "Alcaraz Ortega, Javier"]
[Result "1/2-1/2"]
[WhiteElo "2261"]
[BlackElo "2241"]
[PlyCount "34"]
[EventDate "2009.07.14"]
[EventType "swiss"]
[EventRounds "9"]
[EventCountry "ESP"]
[Source "lmi"]
[SourceDate "2009.07.14"]
[WhiteTeam "Andalucia"]
[BlackTeam "Valencia"]
[WhiteTeamCountry "ESP"]
[BlackTeamCountry "ESP"]

1. e4 e6 2. d4 d5 3. Nc3 dxe4 4. Nxe4 Bd7 5. Nf3 Bc6 6. Bd3 Nd7 7. Qe2 Ngf6 8.
Bg5 Be7 9. O-O Nxe4 10. Bxe7 Qxe7 11. Bxe4 Bxe4 12. Qxe4 c6 13. c4 O-O 14. Rad1
Nf6 15. Qc2 Rfd8 16. Rd2 a5 17. Re1 Qb4 1/2-1/2

[Event "España ch sub-16 2009"]
[Site "Granada ESP"]
[Date "2009.07.19"]
[Round "9.3"]
[White "Antolin Concha, Diego"]
[Black "Cruz Lledo, Pablo"]
[Result "1/2-1/2"]
[WhiteElo "2252"]
[BlackElo "2190"]
[PlyCount "127"]
[EventDate "2009.07.14"]
[EventType "swiss"]
[EventRounds "9"]
[EventCountry "ESP"]
[Source "lmi"]
[SourceDate "2009.07.14"]
[WhiteTeam "Aragon"]
[BlackTeam "Valencia"]
[WhiteTeamCountry "ESP"]
[BlackTeamCountry "ESP"]

1. d4 d5 2. c4 c6 3. Nf3 Nf6 4. Nc3 a6 5. e3 b5 6. cxd5 cxd5 7. Bd3 Nbd7 8. Bd2
e6 9. Ne2 Bd6 10. a4 b4 11. a5 O-O 12. Nc1 Ne4 13. Nb3 f5 14. O-O Nxd2 15. Qxd2
Bb7 16. Rfc1 Qe7 17. Qe2 g5 18. Rc2 g4 19. Nfd2 e5 20. dxe5 Nxe5 21. Nd4 Nxd3
22. Qxd3 Qe5 23. g3 h5 24. Rac1 h4 25. N2b3 hxg3 26. hxg3 Qe4 27. Nc5 Qxd3 28.
Nxd3 Rac8 29. Rxc8 Rxc8 30. Nxf5 Rxc1+ 31. Nxc1 Bf8 32. Nb3 Kf7 33. Kf1 Kf6 34.
Nfd4 Bd6 35. Kg2 Ke5 36. f3 Be7 37. Kf2 gxf3 38. Kxf3 Bd6 39. Nc1 Kf6 40. Nd3
Bc7 41. Nb3 Bd6 42. Nbc5 Bc8 43. e4 dxe4+ 44. Nxe4+ Ke6 45. Nxd6 Kxd6 46. g4
Kc6 47. Nxb4+ Kb5 48. Nd3 Kxa5 49. g5 Bf5 50. Nc1 Kb4 51. Kf4 Bg6 52. Ke5 a5
53. Kf6 Be8 54. Ke5 Bg6 55. Kd4 Bf5 56. b3 Bg6 57. Kd5 Be8 58. Kd6 Bg6 59. Kc6
Be8+ 60. Kb6 Bg6 61. Ne2 Kxb3 62. Kxa5 Kc4 63. Kb6 Kd5 64. Nf4+ 1/2-1/2

[Event "España ch sub-16 2009"]
[Site "Granada ESP"]
[Date "2009.07.19"]
[Round "9.4"]
[White "Angeleri, Rodrigo Norberto"]
[Black "Pardo Simon, David"]
[Result "0-1"]
[WhiteElo "1826"]
[BlackElo "2321"]
[PlyCount "48"]
[EventDate "2009.07.14"]
[EventType "swiss"]
[EventRounds "9"]
[EventCountry "ESP"]
[Source "lmi"]
[SourceDate "2009.07.14"]
[WhiteTeam "Castilla Leon"]
[BlackTeam "Valencia"]
[WhiteTeamCountry "ESP"]
[BlackTeamCountry "ESP"]

1. e4 c5 2. Nf3 e6 3. d4 cxd4 4. Nxd4 a6 5. Nc3 Qc7 6. Be2 Nf6 7. O-O d6 8. Be3
Be7 9. f4 Nbd7 10. Bf3 Rb8 11. Kh1 O-O 12. g4 Kh8 13. Bg2 Ng8 14. g5 b5 15. a3
Nb6 16. f5 e5 17. Nde2 Bb7 18. Bxb6 Qxb6 19. Qd2 Qd8 20. Rad1 Bxg5 21. Qxd6
Qxd6 22. Rxd6 Nf6 23. h3 Kg8 24. Rfd1 Rfc8 0-1